Heart of darkness : (Record no. 557)

MARC details
000 -LEADER
fixed length control field 00633nam a2200217 4500
001 - CONTROL NUMBER
control field 764
005 - DATE AND TIME OF LATEST TRANSACTION
control field 20181127162017.0
010 00 - LIBRARY OF CONGRESS CONTROL NUMBER
LC control number
020 00 - INTERNATIONAL STANDARD BOOK NUMBER
International Standard Book Number 8175810874
090 00 - LOCALLY ASSIGNED LC-TYPE CALL NUMBER (OCLC); LOCAL CALL NUMBER (RLIN)
Classification number (OCLC) (R) ; Classification number, CALL (RLIN) (NR) 823.912 C7541h L196 2001
100 00 - MAIN ENTRY--PERSONAL NAME
Personal name Conrad, Joseph.
245 00 - TITLE STATEMENT
Title Heart of darkness :
Remainder of title A critical study /
Statement of responsibility, etc. Joseph Conrad; edited by Ramji Lall.
Medium
250 00 - EDITION STATEMENT
Edition statement 10th ed.
260 00 - PUBLICATION, DISTRIBUTION, ETC.
Place of publication, distribution, etc. New Delhi :
Name of publisher, distributor, etc. Rama Brothers,
Date of publication, distribution, etc. 2001.
300 00 - PHYSICAL DESCRIPTION
Extent xi, 215 p.
500 00 - GENERAL NOTE
General note
650 00 - SUBJECT ADDED ENTRY--TOPICAL TERM
Topical term or geographic name entry element Conrad, Joseph, 1857-1924. Heart of darkness.
General subdivision
Topical term or geographic name entry element Europeans --Africa --Fiction.
General subdivision
Topical term or geographic name entry element Imperialism --Fiction.
General subdivision
651 ## - SUBJECT ADDED ENTRY--GEOGRAPHIC NAME
Geographic name Africa --
Form subdivision Fiction.
General subdivision
Chronological subdivision
Geographic subdivision
Source of heading or term
Holdings
Withdrawn status Lost status Source of classification or shelving scheme Damaged status Not for loan Collection code Home library Current library Shelving location Serial Enumeration / chronology Inventory number Total Checkouts Full call number Barcode Date last seen Copy number Price effective from Koha item type
    Dewey Decimal Classification     Main TEST RTC Library RTC Library Main opac 2678   823.9 CON 30002109 27/11/2018 1 27/11/2018 Main
    Dewey Decimal Classification     Main TEST RTC Library RTC Library Main opac 2677   823.9 CON 30002174 27/11/2018 2 27/11/2018 Main
Royal Thimphu College || All Right Reserved